Дело об оставлении дворянина Михаила Опочинского в городе Тобольске

Доступно только в Электронных читальных залах Найти на картеНа карте
RUSMARC
00003679nmc2a22000003x 450
00175a2b63d-f1eb-419f-a032-195ee7bf4f03
00520200303134303.0
100##$a20180906l18641865k l0rusy0189 ca
1010#$arus
102##$aRU
2001#$aДело об оставлении дворянина Михаила Опочинского в городе Тобольске
$j25 мая 1864 г. - 11 января 1865 г.
251##$cДело
300##$aДело
801#0$aRU
$bРГИА
$c20180906
$gRCR
801#1$aRU
$bГлавНИВЦ
$c20180906
$2rusmarc
801#2$aRU
$bПБ им. Б.Н. Ельцина
$c20200303
$gRCR
$2rusmarc
850##$aРГИА
852##$aРГИА
$eФедеральное казенное учреждение "Российский государственный исторический архив" (РГИА)
$j1228
937##$hРГИА
$d12288747
$aASBIBLIO_SCAN
462#0$1001921ec746-9587-48a9-b6c2-ef8589ca621c
$12001
$aДела Департамента полиции исполнительной МВД за 1864 год
$1251
$cОпись
$1852
$j25
$l1864 г.
461#0$10013e300ed0-cd39-49af-8489-5ba5b90fa401
$12001
$aДепартамент полиции исполнительной МВД
$1251
$cФонд
$1852
$j1286
215##$a33 л.
$d36,5х26 см
371##$aДокумент не является опубликованным и широко распространяемым
105##$ay###
1222#$ad
035##$a75a2b63d-f1eb-419f-a032-195ee7bf4f03
856##$uhttp://readingroom.main.prlib.ru/item.aspx?id_node=n142504486&mode=full
Формат отображения